| 000 | 00750nam a2200169 i 4500 | ||
|---|---|---|---|
| 001 | 57025 | ||
| 003 | ES-MaACL | ||
| 005 | 20230906163510.0 | ||
| 007 | t| | ||
| 008 | 031014s1958 sp ||||1| spa d | ||
| 100 | 1 |
_aDíez Blanco, Alejandro. _944680 |
|
| 245 | 1 | 3 |
_aLa obra de arte y su interpretación histórico-filosófica _b: introducción a una estética axiológica : discurso leído ante la Real Academia de Bellas Artes de Valladolid el 15 de enero de 1958 / _cpor Alejandro Díez Blanco y contestación de Nicomedes Sanz y Ruiz de la Peña. |
| 260 |
_aValladolid : _b[s.n., _c1958] ( _fGráf. Andrés Martín) |
||
| 300 |
_a34 p. ; _c21 cm. |
||
| 700 | 1 |
_aSanz y Ruiz de la Peña, Nicomedes. _9103697 |
|
| 852 |
_aES-MaACL _j1999-F-8 _bR.41709 |
||
| 999 |
_c57025 _d57025 |
||